| 000 | 00346nam a2200145Ia 4500 | ||
|---|---|---|---|
| 008 | 230917s9999||||xx |||||||||||||| ||und|| | ||
| 040 |
_e40197 _aMAIN |
||
| 041 | _aEnglish | ||
| 082 | _a809.89282 C436C | ||
| 100 | _aDefoe, Daniel | ||
| 245 | 0 | _aRobinson crusoe | |
| 260 |
_aNew York _bHolt Rinehart _c1961 |
||
| 300 | _ax., 277 p. | ||
| 942 | _cBK | ||
| 999 |
_c82476 _d82476 |
||